|
|
|
|
| LEADER |
02979nam a2200625 i 4500 |
| 001 |
nkc20233500369 |
| 003 |
CZ PrNK |
| 005 |
20230324101943.0 |
| 007 |
ta |
| 008 |
230224s2023 xr a c 000 f cze |
| 015 |
|
|
|a cnb003500369
|
| 020 |
|
|
|a 978-80-264-4629-3
|q (vázáno) :
|c Kč 369,00
|
| 035 |
|
|
|a (OCoLC)1375349839
|
| 040 |
|
|
|a ABG001
|b cze
|e rda
|
| 043 |
|
|
|a e-xr---
|b e-xr-jm
|2 czenas
|
| 045 |
|
|
|a u1u4
|
| 072 |
|
7 |
|a 821.162.3-3
|x Česká próza
|2 Konspekt
|9 25
|
| 072 |
|
7 |
|a 821-93
|x Literatura pro děti a mládež (beletrie)
|2 Konspekt
|9 26
|
| 080 |
|
|
|a 821.162.3-31
|2 MRF
|
| 080 |
|
|
|a 821-93
|2 MRF
|
| 080 |
|
|
|a 94(4)"1618/1648"
|2 MRF
|
| 080 |
|
|
|a 94(437.322)
|2 MRF
|
| 080 |
|
|
|a (437.322)
|2 MRF
|
| 080 |
|
|
|a (0:82-311.6)
|2 MRF
|
| 100 |
1 |
|
|a Juránek, Roman,
|d 1966-
|7 jn20000710115
|4 aut
|
| 245 |
1 |
0 |
|a V obležení :
|b napínavé příběhy z českých dějin pro děti /
|c Roman Juránek a Lenka Vašíčková ; ilustroval Mirek Vomáčka
|
| 250 |
|
|
|a 1. vydání
|
| 264 |
|
1 |
|a V Brně :
|b CPress,
|c 2023
|
| 300 |
|
|
|a 295 stran :
|b ilustrace ;
|c 22 cm
|
| 336 |
|
|
|a text
|b txt
|2 rdacontent
|
| 337 |
|
|
|a bez média
|b n
|2 rdamedia
|
| 338 |
|
|
|a svazek
|b nc
|2 rdacarrier
|
| 520 |
2 |
|
|a Příběh čtyř dětí odehrávající se v Brně a okolí v době třicetileté války.
|b Lukáše, Jakuba, Františka a Kateřinu posílají jejich otcové z Brna na Nový hrad ukrytý v hlubokých lesích Moravského krasu, aby je ochránili před třicetiletou válkou. Nečekaný přepad Nového hradu a následný požár přinutí malé hrdiny k cestě plné nebezpečí, na níž musí unikat nepřátelům, živit se vlastními silami, a nakonec se i zapojit do závěrečných bojů o samotné Brno, obklíčené třicetitisícovou švédskou armádou. Že jejich přátelství touto těžkou zkouškou sílí, o tom nemůže být pochyb. Nakladatelská anotace.
|
| 521 |
8 |
|
|a Pro čtenáře od 9 let
|
| 648 |
|
7 |
|a 1618-1648
|7 ch460631
|2 czenas
|
| 648 |
|
7 |
|a 17. století
|7 ch460555
|2 czenas
|
| 650 |
0 |
7 |
|a třicetiletá válka (1618-1648)
|7 ph126846
|z Česko
|2 czenas
|
| 650 |
0 |
9 |
|a Thirty Years' War (1618-1648)
|z Czechia
|2 eczenas
|
| 651 |
|
7 |
|a Brno (Česko : oblast)
|7 ge128414
|x dějiny
|y 17. století
|2 czenas
|
| 651 |
|
9 |
|a Brno Region (Czechia)
|x history
|y 17th century
|2 eczenas
|
| 655 |
|
7 |
|a české romány
|7 fd133974
|2 czenas
|
| 655 |
|
7 |
|a historické romány
|7 fd132414
|2 czenas
|
| 655 |
|
7 |
|a publikace pro děti
|7 fd133156
|2 czenas
|
| 655 |
|
9 |
|a Czech fiction
|2 eczenas
|
| 655 |
|
9 |
|a historical novels
|2 eczenas
|
| 655 |
|
9 |
|a children's literature
|2 eczenas
|
| 700 |
1 |
|
|a Vašíčková, Lenka,
|d 1963-
|7 jn20000710644
|4 aut
|
| 700 |
1 |
|
|a Vomáčka, Miroslav,
|d 1967-
|7 xx0055589
|4 ill
|
| 910 |
2 |
|
|a BOA001
|b 2-1503.478
|
| 920 |
|
|
|a 4694924
|z ABG001
|
| 928 |
9 |
|
|a Albatros Media - CPress
|
| 990 |
|
|
|a BK
|
| 995 |
|
|
|a 01
|
| 991 |
|
|
|b 202303
|c NOV
|
| 996 |
6 |
|
|b 2610933213
|c 2-1503.478
|l MZK
|r Sklad / do 1 hodiny
|n 0
|p p.v.
|w 001917232
|u 000010
|a 1
|e BOA001
|j MZK50
|s P
|